[Event "SVK-chT2A 2223"]
[Site "Slovakia"]
[Date "2022.11.12"]
[Round "3.2"]
[White "Nicolini, Alexander"]
[Black "Krnan, Tomas"]
[Result "0-1"]
[WhiteElo "2144"]
[BlackElo "2418"]
[PlyCount "126"]
[EventDate "2022.10.08"]
[EventType "team-tourn"]
[EventRounds "11"]
[EventCountry "SVK"]
[SourceTitle "EXT 2024"]
[Source "ChessBase"]
[SourceDate "2023.10.10"]
[SourceVersion "1"]
[SourceVersionDate "2023.10.10"]
[SourceQuality "1"]
[WhiteTeam "Trnava Lokomotiva"]
[BlackTeam "Cifer"]
[WhiteTeamCountry "SVK"]
[BlackTeamCountry "SVK"]

1. e4 e5 2. Nf3 Nc6 3. Bc4 Nf6 4. Nc3 Bc5 5. d3 h6 6. h3 a6 7. a3 b5 8. Ba2 d6 9. Nd5 0-0 10. 0-0 Rb8 11. c3 Nxd5 12. Bxd5 Ne7 13. Bb3 Ng6 14. d4 Bb6 15. dxe5 dxe5 16. Qxd8 Rxd8 17. Re1 c5 18. Be3 c4 19. Bc2 Bxe3 20. Rxe3 f6 21. Rd1 Rxd1+ 22. Bxd1 Nf4 23. Bc2 g5 24. Re1 Kf7 25. Nh2 Be6 26. Ng4 h5 27. Ne3 a5 28. Kf1 Ke7 29. Rd1 h4 30. Ke1 Rg8 31. Kf1 g4 32. hxg4 Bxg4 33. Nd5+ Nxd5 34. Rxd5 Bd7 35. Rd2 Rb8 36. Rd1 b4 37. axb4 axb4 38. cxb4 Rxb4 39. Rb1 Bc6 40. Ke2 f5 41. f3 fxe4 42. fxe4 Rb8 43. Ke3 Rg8 44. Kf3 Kd6 45. Rh1 Rg3+ 46. Kf2 Rg4 47. Kf3 Rf4+ 48. Ke3 Kc5 49. Rd1 Rg4 50. Kf3 Rg3+ 51. Kf2 Rg8 52. Rh1 Rb8 53. Rb1 Ra8 54. Ke3 Ra2 55. Bd1 Kb4 56. Bf3 Ba4 57. Be2 Bb3 58. Rh1 Rxb2 59. Rxh4 c3 60. Rh8 c2 61. Rb8+ Ka3 62. Ra8+ Ba4 63. Kd2 c1Q+ 0-1

[Event "Oakville Elevate My Chess 02"]
[Site "Oakville"]
[Date "2020.02.23"]
[Round "9"]
[White "Krnan, Tomas"]
[Black "Hua, Eugene"]
[Result "0-1"]
[WhiteElo "2420"]
[BlackElo "2298"]
[PlyCount "134"]
[EventDate "2020.02.19"]
[EventType "tourn"]
[EventRounds "9"]
[EventCountry "CAN"]
[EventCategory "3"]
[SourceTitle "CBM 195 Extra"]
[Source "ChessBase"]
[SourceDate "2020.05.31"]
[SourceVersion "1"]
[SourceVersionDate "2020.05.31"]
[SourceQuality "1"]

1. e4 c5 2. Nf3 d6 3. Bb5+ Nd7 4. 0-0 a6 5. Bd3 Ngf6 6. Re1 g6 7. c3 Bg7 8. Bc2 0-0 9. d4 e5 10. dxe5 Nxe5 11. h3 Qc7 12. a4 b6 13. Bf4 Bb7 14. Nbd2 Rad8 15. Qe2 Rfe8 16. Nxe5 dxe5 17. Be3 Rd7 18. a5 b5 19. c4 b4 20. f3 Nh5 21. Nb3 Bf8 22. Qf2 Rc8 23. Red1 Rxd1+ 24. Bxd1 Nf4 25. Be2 Ne6 26. Qg3 Rd8 27. Rd1 Rxd1+ 28. Bxd1 Bc6 29. Qe1 Ba4 30. g3 Bxb3 31. Bxb3 Qxa5 32. Qd1 Nd4 33. Bxd4 cxd4 34. Kg2 Bh6 35. Kf2 Be3+ 36. Ke2 Qc5 37. Qc2 Kg7 38. Kd3 Kf8 39. Ba4 Ke7 40. b3 Qc8 41. g4 Kd6 42. c5+ Qxc5 43. Qxc5+ Kxc5 44. Be8 f6 45. h4 Kd6 46. h5 gxh5 47. gxh5 Ke7 48. Bc6 Kf7 49. Bd7 Kg7 50. Bf5 Kh6 51. Ke2 Bc1 52. Kd1 Bb2 53. Kc2 Bc3 54. Kd3 a5 55. Kc2 Be1 56. Bg4 Kg5 57. Bf5 h6 58. Bg4 Bc3 59. Kd3 a4 60. bxa4 b3 61. Be6 b2 62. Kc2 Kxh5 63. a5 Bxa5 64. Kxb2 Kg5 65. Kc2 h5 66. Kd3 Kf4 67. Ke2 Kg3 0-1

[Event "Oakville Elevate My Chess 02"]
[Site "Oakville"]
[Date "2020.02.20"]
[Round "2"]
[White "Posthuma, Joshua G"]
[Black "Krnan, Tomas"]
[Result "1/2-1/2"]
[WhiteElo "2353"]
[BlackElo "2420"]
[PlyCount "49"]
[EventDate "2020.02.19"]
[EventType "tourn"]
[EventRounds "9"]
[EventCountry "CAN"]
[EventCategory "3"]
[SourceTitle "CBM 195 Extra"]
[Source "ChessBase"]
[SourceDate "2020.05.31"]
[SourceVersion "1"]
[SourceVersionDate "2020.05.31"]
[SourceQuality "1"]

1. d4 Nf6 2. c4 e6 3. g3 c5 4. Nf3 cxd4 5. Nxd4 d5 6. Bg2 e5 7. Nf3 d4 8. 0-0 Nc6 9. e3 Be7 10. exd4 exd4 11. Bf4 0-0 12. Ne5 Nxe5 13. Bxe5 Bc5 14. Nd2 Re8 15. Bxf6 Qxf6 16. Ne4 Qb6 17. Nxc5 Qxc5 18. b3 Re7 19. Qd2 Be6 20. Rad1 Rd7 21. Qf4 Rad8 22. Rd2 a5 23. Be4 h6 24. Rfd1 b6 25. Rd3 1/2-1/2

[Event "Tatry op"]
[Site "Tatranske Zruby"]
[Date "2019.10.04"]
[Round "8"]
[White "Lys, Josef"]
[Black "Krnan, Tomas"]
[Result "0-1"]
[WhiteElo "2177"]
[BlackElo "2408"]
[PlyCount "72"]
[EventDate "2019.09.28"]
[EventType "swiss"]
[EventRounds "9"]
[EventCountry "SVK"]
[SourceTitle "EXT 2020"]
[Source "ChessBase"]
[SourceDate "2019.10.17"]
[SourceVersion "1"]
[SourceVersionDate "2019.10.17"]
[SourceQuality "1"]

1. d4 Nf6 2. c4 e6 3. Nc3 Bb4 4. Bd2 0-0 5. g3 d5 6. Qb3 c5 7. a3 Ba5 8. dxc5 d4 9. Nb1 e5 10. Qc2 e4 11. Bxa5 Qxa5+ 12. b4 Qc7 13. Nd2 a5 14. Rb1 axb4 15. axb4 Bf5 16. Bg2 Re8 17. e3 Nc6 18. Nh3 Ng4 19. Qb3 dxe3 20. fxe3 Nxh2 21. Nf4 Nf3+ 22. Bxf3 exf3 23. e4 Bxe4 24. Nxe4 Rxe4+ 25. Kf2 Nd4 26. Qb2 Rae8 27. Rbe1 Ne2 28. Nh5 f6 29. Qb3 Nxg3 30. Nxg3 Rxe1 31. Rxe1 Rxe1 32. Qxf3 Re5 33. Nf5 Qd7 34. Nd6 Qa4 35. Qxb7 Qc2+ 36. Kg3 Re3+ 0-1

[Event "Tatry op"]
[Site "Tatranske Zruby"]
[Date "2019.10.01"]
[Round "5"]
[White "Budisavljevic, Luka"]
[Black "Krnan, Tomas"]
[Result "1/2-1/2"]
[WhiteElo "2359"]
[BlackElo "2408"]
[PlyCount "188"]
[EventDate "2019.09.28"]
[EventType "swiss"]
[EventRounds "9"]
[EventCountry "SVK"]
[SourceTitle "EXT 2020"]
[Source "ChessBase"]
[SourceDate "2019.10.17"]
[SourceVersion "1"]
[SourceVersionDate "2019.10.17"]
[SourceQuality "1"]

1. d4 Nf6 2. Nf3 e6 3. Bf4 c5 4. e3 d5 5. Nbd2 Nc6 6. c3 cxd4 7. exd4 Nh5 8. Be3 Bd6 9. Ne5 Nf6 10. f4 Qb6 11. Qb3 Ng8 12. Bd3 Nh6 13. 0-0 f6 14. Nxc6 bxc6 15. Qc2 Ng4 16. Rae1 Nxe3 17. Rxe3 c5 18. Kh1 Rb8 19. Bxh7 cxd4 20. cxd4 Qxd4 21. Qg6+ Kf8 22. Rd3 Qxb2 23. Nf3 Bxf4 24. Rd4 e5 25. Rxd5 Be6 26. Rd6 e4 27. Nd4 Bf7 28. Ne6+ Bxe6 29. Rxe6 e3 30. Qf5 Be5 31. Rxe5 e2 32. Rxe2 Qxe2 33. Rc1 Rd8 34. h3 Rd1+ 35. Rxd1 Qxd1+ 36. Kh2 Qd6+ 37. Kh1 Qd1+ 38. Kh2 Qd6+ 39. Kh1 g5 40. Qc8+ Kg7 41. Qb7+ Kh6 42. Bf5 g4 43. Qe4 Rg8 44. Qe3+ Rg5 45. hxg4 Qe5 46. Qh3+ Kg7 47. Qh7+ Kf8 48. Qxa7 Rg7 49. Qa8+ Qe8 50. Qa6 Qe1+ 51. Kh2 Qh4+ 52. Kg1 Re7 53. Qa3 Qe1+ 54. Kh2 Kg8 55. Qb3+ Kg7 56. Qh3 Qe5+ 57. Kh1 Rc7 58. Qh7+ Kf8 59. Qh8+ Ke7 60. Qg7+ Kd6 61. Qf8+ Kd5 62. Qg8+ Kd4 63. Qd8+ Kc5 64. Qd2 Kc6 65. Qb4 Kd5 66. Qd2+ Kc5 67. Qa5+ Kd6 68. Qb4+ Rc5 69. a4 Kc7 70. Qd2 Qa1+ 71. Kh2 Qxa4 72. Qe3 Qc6 73. Qe7+ Kb6 74. Qe3 Qd6+ 75. Kh3 Kc7 76. Qa3 Qc6 77. Qa7+ Kd6 78. Qa3 Ke7 79. Kh4 Qd6 80. Kh3 Qe5 81. Qa7+ Rc7 82. Qa3+ Kf7 83. g3 Kg7 84. Qd3 Qa1 85. Qf3 Re7 86. g5 fxg5 87. Kg4 Qf6 88. Qd3 Rc7 89. Qd5 Re7 90. Qd2 Kh6 91. Qh2+ Kg7 92. Qd2 Kg8 93. Qd8+ Kf7 94. Qd5+ Kg7 1/2-1/2

[Event "Ontario op"]
[Site "Oakville"]
[Date "2019.05.20"]
[Round "5"]
[White "Krnan, Tomas"]
[Black "Preotu, Razvan"]
[Result "1/2-1/2"]
[WhiteElo "2430"]
[BlackElo "2505"]
[PlyCount "83"]
[EventDate "2019.05.18"]
[EventType "swiss"]
[EventRounds "6"]
[EventCountry "CAN"]
[SourceTitle "CBM 190 Extra"]
[Source "ChessBase"]
[SourceDate "2019.07.15"]
[SourceVersion "1"]
[SourceVersionDate "2019.07.15"]
[SourceQuality "1"]

1. e4 c5 2. Nf3 d6 3. Bb5+ Nd7 4. 0-0 a6 5. Bd3 Ngf6 6. Re1 e6 7. c3 Be7 8. Bc2 b5 9. d4 cxd4 10. cxd4 Bb7 11. a3 Rc8 12. Nc3 Qc7 13. Bf4 h6 14. h3 Qb8 15. Rc1 Qa8 16. d5 e5 17. Be3 Bd8 18. Bd3 Bb6 19. b4 Bxe3 20. fxe3 0-0 21. Nd2 Nb6 22. Qe2 Rc7 23. Rc2 Qd8 24. Rec1 g6 25. a4 Nxa4 26. Nxa4 Rxc2 27. Rxc2 bxa4 28. Nc4 Bxd5 29. exd5 e4 30. Ra2 exd3 31. Qxd3 Qd7 32. Nb2 Rc8 33. Rxa4 Rc1+ 34. Kh2 Qb5 35. Rxa6 Qxb4 36. Qd4 Qxd4 37. exd4 Ne4 38. Rc6 Rc3 39. Nc4 Kg7 40. Nd2 Re3 41. Nxe4 Rxe4 42. Rxd6 1/2-1/2

[Event "Ontario op"]
[Site "Oakville"]
[Date "2019.05.18"]
[Round "1"]
[White "Gaisinsky, Adam"]
[Black "Krnan, Tomas"]
[Result "1-0"]
[WhiteElo "2025"]
[BlackElo "2430"]
[PlyCount "219"]
[EventDate "2019.05.18"]
[EventType "swiss"]
[EventRounds "6"]
[EventCountry "CAN"]
[SourceTitle "CBM 190 Extra"]
[Source "ChessBase"]
[SourceDate "2019.07.15"]
[SourceVersion "1"]
[SourceVersionDate "2019.07.15"]
[SourceQuality "1"]

1. e4 e5 2. Nf3 Nc6 3. Bb5 a6 4. Ba4 Nf6 5. 0-0 Be7 6. Re1 b5 7. Bb3 0-0 8. d3 d6 9. c3 Na5 10. Bc2 c5 11. Nbd2 Be6 12. Nf1 Nc6 13. Ng3 h6 14. h3 Rc8 15. Be3 d5 16. d4 cxd4 17. cxd4 exd4 18. Bxd4 dxe4 19. Nxe4 Nxd4 20. Nxd4 Bd5 21. Nc3 Bb4 22. Re3 Bc5 23. Rd3 Qb6 24. Nxd5 Nxd5 25. Bb3 Nb4 26. Rd2 Rcd8 27. Nf3 Bxf2+ 28. Kh1 Be3 29. Rxd8 Rxd8 30. Qe2 Nd3 31. Rf1 Nf2+ 32. Kh2 Re8 33. g3 Ne4 34. Nh4 Ng5 35. Qg4 Qd4 36. Qf5 Qxb2+ 37. Ng2 Qf6 38. Qxf6 gxf6 39. Rxf6 Kg7 40. Rxa6 Nf3+ 41. Kh1 Bf2 42. Nf4 Ng5 43. Kg2 Bd4 44. h4 Ne4 45. Nh5+ Kh7 46. Bxf7 Nc5 47. Bxe8 Nxa6 48. Bxb5 Nc5 49. Nf4 Kg7 50. a4 Bc3 51. Kf3 Ba5 52. Kg4 Be1 53. Ne2 Kf6 54. Nd4 Ne4 55. Nc6 Nxg3 56. a5 h5+ 57. Kh3 Ne4 58. a6 Bf2 59. a7 Bxa7 60. Nxa7 Nd6 61. Bd3 Nf7 62. Nb5 Ne5 63. Be4 Ng4 64. Kg3 Ke5 65. Bf3 Ne3 66. Bxh5 Nf5+ 67. Kg4 Nxh4 68. Kxh4 Ke4 69. Kg5 Kd3 70. Kf4 Kc4 71. Be2+ Kd5 72. Bd3 Ke6 73. Bc4+ Kf6 74. Nd4 Kg6 75. Ke5 Kg5 76. Be6 Kg6 77. Nf3 Kg7 78. Kf5 Kh6 79. Kf6 Kh5 80. Ne5 Kh4 81. Kf5 Kg3 82. Kg5 Kf2 83. Kf4 Ke2 84. Ke4 Kd2 85. Kd4 Kc2 86. Nf3 Kb2 87. Kc4 Kc2 88. Bf5+ Kb2 89. Nd4 Ka2 90. Kc3 Ka1 91. Nb3+ Ka2 92. Bd3 Ka3 93. Bb1 Ka4 94. Nd4 Ka5 95. Be4 Kb6 96. Ne6 Kb5 97. Bd5 Ka4 98. Nd4 Ka3 99. Nb5+ Ka4 100. Kc4 Ka5 101. Kc5 Ka4 102. Bc4 Ka5 103. Bb3 Ka6 104. Nd6 Ka5 105. Nb7+ Ka6 106. Kc6 Ka7 107. Bc4 Ka8 108. Kc7 Ka7 109. Nd6 Ka8 110. Bb5 1-0

[Event "Oakville Winter op"]
[Site "Oakville"]
[Date "2019.01.27"]
[Round "5.2"]
[White "Krnan, Tomas"]
[Black "Atanasov, Anthony"]
[Result "1-0"]
[WhiteElo "2507"]
[BlackElo "2116"]
[PlyCount "65"]
[EventDate "2019.01.25"]
[EventType "swiss"]
[EventRounds "5"]
[EventCountry "CAN"]
[SourceTitle "EXT 2022"]
[Source "ChessBase"]
[SourceDate "2021.10.06"]
[SourceVersion "1"]
[SourceVersionDate "2021.10.06"]
[SourceQuality "1"]

1. e4 c5 2. Nf3 d6 3. Bb5+ Nd7 4. 0-0 a6 5. Bd3 Ngf6 6. Re1 e6 7. c3 b5 8. Bc2 c4 9. a4 Bb7 10. d4 cxd3 11. Qxd3 Nc5 12. Qe2 bxa4 13. e5 dxe5 14. Nxe5 Bd6 15. Nd2 0-0 16. Ndc4 Bxe5 17. Nxe5 Qd5 18. f3 Nfd7 19. Ng4 a5 20. Rd1 Ba6 21. Qe1 Qc6 22. Bf4 Rfd8 23. Rd6 Qb7 24. Qd2 f5 25. Ne5 Rac8 26. Bxa4 Nxa4 27. Rxa4 Qb5 28. Ra1 Rc7 29. c4 Qc5+ 30. Kh1 a4 31. Nxd7 Qxc4 32. Nf6+ gxf6 33. Rxd8+ 1-0

[Event "Oakville Winter op"]
[Site "Oakville"]
[Date "2019.01.25"]
[Round "1.2"]
[White "Krnan, Tomas"]
[Black "Kang, Dorian"]
[Result "1-0"]
[WhiteElo "2507"]
[BlackElo "2202"]
[PlyCount "59"]
[EventDate "2019.01.25"]
[EventType "swiss"]
[EventRounds "5"]
[EventCountry "CAN"]
[SourceTitle "EXT 2022"]
[Source "ChessBase"]
[SourceDate "2021.10.06"]
[SourceVersion "1"]
[SourceVersionDate "2021.10.06"]
[SourceQuality "1"]

1. e4 c5 2. Nf3 d6 3. Bb5+ Nd7 4. 0-0 a6 5. Bd3 g6 6. c3 b5 7. Bc2 Bb7 8. d4 Qc7 9. Re1 Bg7 10. Bg5 Rc8 11. Bd3 e5 12. a4 c4 13. Bf1 Ngf6 14. axb5 axb5 15. Na3 Nxe4 16. dxe5 dxe5 17. Rxe4 Bxe4 18. Nxb5 Qc6 19. Nd6+ Kf8 20. Nxe4 f6 21. Ra7 Rc7 22. Rxc7 Qxc7 23. Be3 Ke7 24. Nfd2 f5 25. Bg5+ Kf8 26. Bxc4 Nb6 27. Bb3 fxe4 28. Nxe4 Qd7 29. Qf3+ Ke8 30. Nd6+ 1-0

[Event "Tatry op"]
[Site "Tatranske Zruby"]
[Date "2018.10.01"]
[Round "2"]
[White "Cech, Dominik"]
[Black "Krnan, Tomas"]
[Result "0-1"]
[WhiteElo "2169"]
[BlackElo "2430"]
[PlyCount "58"]
[EventDate "2018.09.30"]
[EventType "swiss"]
[EventRounds "9"]
[EventCountry "SVK"]
[SourceTitle "CBM 186 Extra"]
[Source "ChessBase"]
[SourceDate "2018.08.24"]
[SourceVersion "1"]
[SourceVersionDate "2018.08.24"]
[SourceQuality "1"]

1. e4 e5 2. Nf3 Nc6 3. Bb5 a6 4. Ba4 Nf6 5. 0-0 Be7 6. Re1 b5 7. Bb3 0-0 8. c3 d6 9. h3 Nb8 10. d4 Nbd7 11. Nbd2 Bb7 12. d5 c6 13. dxc6 Bxc6 14. Bc2 Nc5 15. b4 Ne6 16. Nf1 Qc7 17. N3h2 d5 18. exd5 Nxd5 19. Bd2 Rad8 20. Qb1 g6 21. Ng4 Ndf4 22. Nge3 Qb7 23. f3 Bh4 24. g3 Bxg3 25. Nxg3 Rxd2 26. Ne4 Nxh3+ 27. Kh1 Bxe4 28. Bxe4 Qe7 29. Ng2 Nef4 0-1

[Event "Mississauga Golden Horseshoe op"]
[Site "Mississauga"]
[Date "2018.06.02"]
[Round "1"]
[White "Krnan, Tomas"]
[Black "Chen, Max"]
[Result "1-0"]
[WhiteElo "2427"]
[BlackElo "1749"]
[PlyCount "85"]
[EventDate "2018.06.02"]
[EventType "swiss"]
[EventRounds "5"]
[EventCountry "CAN"]
[SourceTitle "EXT 2019"]
[Source "ChessBase"]
[SourceDate "2018.10.10"]
[SourceVersion "1"]
[SourceVersionDate "2018.10.10"]
[SourceQuality "1"]

1. e4 c6 2. d4 d5 3. Nc3 g6 4. Nf3 Bg7 5. h3 Nf6 6. Bd3 dxe4 7. Nxe4 Nbd7 8. 0-0 0-0 9. Nxf6+ Nxf6 10. Re1 Qc7 11. Qe2 Re8 12. Ne5 Qb6 13. c3 Nd5 14. Qf3 Rf8 15. h4 Nf6 16. a4 Be6 17. a5 Qd8 18. a6 Bd5 19. Qe2 b5 20. b3 Qc7 21. c4 bxc4 22. bxc4 Be6 23. Bf4 Qc8 24. Qf3 c5 25. d5 Bd7 26. Ra5 Ng4 27. Nxd7 Qxd7 28. Rxc5 Bd4 29. Rc7 Bxf2+ 30. Kf1 Qa4 31. Qxg4 Bxe1 32. Kxe1 Qxa6 33. Be5 e6 34. Qxe6 Qa5+ 35. Kd1 Qxc7 36. Qf6 Qxe5 37. Qxe5 a5 38. c5 a4 39. Bc4 a3 40. Ba2 Rfb8 41. d6 Rb2 42. Qd5 Ra4 43. Qxf7+ 1-0

[Event "Aurora Spring op"]
[Site "Aurora"]
[Date "2018.03.24"]
[Round "1.2"]
[White "Kang, Dorian"]
[Black "Krnan, Tomas"]
[Result "0-1"]
[WhiteElo "1883"]
[BlackElo "2432"]
[PlyCount "56"]
[EventDate "2018.03.24"]
[EventType "swiss"]
[EventRounds "5"]
[EventCountry "CAN"]
[SourceTitle "EXT 2022"]
[Source "ChessBase"]
[SourceDate "2021.10.06"]
[SourceVersion "1"]
[SourceVersionDate "2021.10.06"]
[SourceQuality "1"]

1. c4 Nf6 2. Nc3 g6 3. e4 d6 4. d4 Bg7 5. f4 c5 6. d5 0-0 7. Nf3 e6 8. Be2 exd5 9. cxd5 Nbd7 10. 0-0 Re8 11. Qc2 a6 12. a4 Qa5 13. Bd2 c4 14. h3 Qb6+ 15. Kh1 Nc5 16. Be3 Qb3 17. Qxb3 Nxb3 18. Ra3 Nxe4 19. Nxe4 Rxe4 20. Bxc4 Na5 21. Nd2 Rxc4 22. Bb6 Rc2 23. Bxa5 b6 24. Bb4 a5 25. Rc3 Rxb2 26. Rb3 Rxb3 27. Nxb3 axb4 28. Rc1 Bc3 0-1

[Event "Aurora Spring op"]
[Site "Aurora"]
[Date "2018.03.24"]
[Round "2.2"]
[White "Krnan, Tomas"]
[Black "Ning, Eric"]
[Result "1-0"]
[WhiteElo "2432"]
[BlackElo "1832"]
[PlyCount "63"]
[EventDate "2018.03.24"]
[EventType "swiss"]
[EventRounds "5"]
[EventCountry "CAN"]
[SourceTitle "EXT 2022"]
[Source "ChessBase"]
[SourceDate "2021.10.06"]
[SourceVersion "1"]
[SourceVersionDate "2021.10.06"]
[SourceQuality "1"]

1. e4 c5 2. Nf3 Nc6 3. Bb5 g6 4. Bxc6 bxc6 5. 0-0 Bg7 6. Re1 Nh6 7. c3 d5 8. d3 0-0 9. Be3 Qb6 10. b3 Rd8 11. e5 Nf5 12. Bf4 h5 13. h3 Bh6 14. Bxh6 Nxh6 15. Qd2 Kg7 16. Qg5 Re8 17. Nbd2 Bf5 18. Qe3 Qb5 19. c4 Qa5 20. Rec1 Rac8 21. Nf1 Qb6 22. Ng3 a5 23. Nh4 e6 24. Ne2 f6 25. exf6+ Kh7 26. Nf3 Nf7 27. Ng5+ Nxg5 28. Qxg5 Bxd3 29. Nf4 dxc4 30. Rxc4 Bxc4 31. Qxg6+ Kh8 32. f7 1-0

[Event "Tatry op"]
[Site "Tatranska Lomnica"]
[Date "2017.10.13"]
[Round "7"]
[White "Berezjuk, Sergej"]
[Black "Krnan, Tomas"]
[Result "1/2-1/2"]
[WhiteElo "2423"]
[BlackElo "2436"]
[PlyCount "27"]
[EventDate "2017.10.08"]
[EventType "swiss"]
[EventRounds "9"]
[EventCountry "SVK"]
[SourceTitle "CBM 181 Extra"]
[Source "ChessBase"]
[SourceDate "2017.12.12"]
[SourceVersion "1"]
[SourceVersionDate "2017.12.12"]
[SourceQuality "1"]

1. e4 e5 2. Nf3 Nc6 3. d4 exd4 4. Nxd4 Bb4+ 5. c3 Bc5 6. Nxc6 bxc6 7. Bd3 d6 8. 0-0 Ne7 9. Bg5 f6 10. Bh4 Ng6 11. Bg3 Be6 12. Kh1 0-0 13. Nd2 Rb8 14. b4 1/2-1/2

[Event "Tatry op"]
[Site "Tatranska Lomnica"]
[Date "2017.10.10"]
[Round "4"]
[White "Krnan, Tomas"]
[Black "Szpar, Milosz"]
[Result "1/2-1/2"]
[WhiteElo "2436"]
[BlackElo "2331"]
[PlyCount "60"]
[EventDate "2017.10.08"]
[EventType "swiss"]
[EventRounds "9"]
[EventCountry "SVK"]
[SourceTitle "CBM 181 Extra"]
[Source "ChessBase"]
[SourceDate "2017.12.12"]
[SourceVersion "1"]
[SourceVersionDate "2017.12.12"]
[SourceQuality "1"]

1. e4 d6 2. d4 Nf6 3. Nc3 e5 4. Nf3 Nbd7 5. Bc4 Be7 6. 0-0 0-0 7. Re1 c6 8. a4 b6 9. Bg5 h6 10. Bxf6 Bxf6 11. d5 c5 12. a5 bxa5 13. Bb5 Rb8 14. Nd2 Qc7 15. Nc4 a6 16. Bc6 Rb4 17. b3 Bg5 18. g3 Kh8 19. h4 Be7 20. Bxd7 Bxd7 21. Nxa5 f5 22. Nc6 Bxc6 23. dxc6 Qxc6 24. Nd5 Rd4 25. Nxe7 Qe8 26. Nxf5 Rxd1 27. Raxd1 Qf7 28. h5 Qxh5 29. Rxd6 Qg5 30. Re3 Rd8 1/2-1/2

[Event "SVK-chT 1718"]
[Site "Slovakia"]
[Date "2017.10.01"]
[Round "2.1"]
[White "Krnan, Tomas"]
[Black "Babula, Vlastimil"]
[Result "1/2-1/2"]
[WhiteElo "2436"]
[BlackElo "2556"]
[PlyCount "45"]
[EventDate "2017.09.30"]
[EventType "team-tourn"]
[EventRounds "11"]
[EventCountry "SVK"]
[SourceTitle "EXT 2018"]
[Source "ChessBase"]
[SourceDate "2017.10.13"]
[SourceVersion "1"]
[SourceVersionDate "2017.10.13"]
[SourceQuality "1"]
[WhiteTeam "Banska Bystrica Junior"]
[BlackTeam "Snina Reinter"]
[WhiteTeamCountry "SVK"]
[BlackTeamCountry "SVK"]

1. e4 c5 2. Nf3 e6 3. g3 Nc6 4. Bg2 d5 5. exd5 exd5 6. 0-0 Nf6 7. d4 Be7 8. c3 0-0 9. Be3 cxd4 10. Nxd4 Bg4 11. Nxc6 bxc6 12. Qa4 Qc8 13. Re1 Bh3 14. Bg5 Bxg2 15. Kxg2 Re8 16. Nd2 h6 17. Bxf6 Bxf6 18. Nb3 Qb7 19. Rab1 Qb6 20. Nd4 Bxd4 21. cxd4 Rad8 22. Rxe8+ Rxe8 23. Rc1 1/2-1/2

[Event "Tatry op"]
[Site "Tatranske Zruby"]
[Date "2016.09.27"]
[Round "5"]
[White "Krnan, Tomas"]
[Black "Langner, Ladislav"]
[Result "1-0"]
[WhiteElo "2430"]
[BlackElo "2372"]
[PlyCount "81"]
[EventDate "2016.09.24"]
[EventType "swiss"]
[EventRounds "9"]
[EventCountry "SVK"]
[SourceTitle "CBM 174 Extra"]
[Source "ChessBase"]
[SourceDate "2016.10.10"]
[SourceVersion "1"]
[SourceVersionDate "2016.10.10"]
[SourceQuality "1"]

1. e4 c5 2. Nf3 e6 3. d4 cxd4 4. Nxd4 Nf6 5. Nc3 Nc6 6. Nxc6 bxc6 7. e5 Nd5 8. Ne4 f5 9. exf6 Nxf6 10. Nd6+ Bxd6 11. Qxd6 Qb6 12. Bd3 Ba6 13. Be3 Qxb2 14. Bd4 Qb7 15. c4 Qb8 16. Qa3 Qf4 17. Rd1 Bb7 18. Qb2 Qc7 19. Bxf6 gxf6 20. Qxf6 Qa5+ 21. Rd2 Rf8 22. Qb2 0-0-0 23. 0-0 Rf7 24. Rb1 d6 25. Re2 e5 26. Bf5+ Kb8 27. Re3 Re8 28. Rb3 Ree7 29. Be4 Qc5 30. a4 Qxc4 31. Rb4 Qa6 32. Qd2 c5 33. Rb5 Kc8 34. Bd5 Rg7 35. Qd3 Kd8 36. Qf3 Bc8 37. Qf8+ Kc7 38. Rb8 Rd7 39. Bc4 Rxg2+ 40. Kxg2 Qc6+ 41. f3 1-0

[Event "Olympiad-42"]
[Site "Baku"]
[Date "2016.09.11"]
[Round "9.4"]
[White "Schandorff, Lars"]
[Black "Krnan, Tomas"]
[Result "0-1"]
[WhiteElo "2515"]
[BlackElo "2430"]
[PlyCount "100"]
[EventDate "2016.09.02"]
[EventType "team-swiss"]
[EventRounds "11"]
[EventCountry "AZE"]
[SourceTitle "CBM 175"]
[Source "ChessBase"]
[SourceDate "2016.11.10"]
[SourceVersion "1"]
[SourceVersionDate "2016.11.10"]
[SourceQuality "1"]
[WhiteTeam "Denmark"]
[BlackTeam "Canada"]
[WhiteTeamCountry "DEN"]
[BlackTeamCountry "CAN"]

1. d4 Nf6 2. Nf3 g6 3. g3 Bg7 4. Bg2 0-0 5. c4 d6 6. 0-0 Nc6 7. Nc3 a6 8. b3 Rb8 9. d5 Na5 10. Bg5 h6 11. Bd2 c5 12. dxc6 Nxc6 13. Rc1 Be6 14. Ne1 Bd7 15. Nd3 e6 16. c5 Ne5 17. Nxe5 dxe5 18. e4 Bc6 19. Be3 Qa5 20. Qe2 Rbd8 21. f3 Nd7 22. Qc4 Bb5 23. Nxb5 axb5 24. Qc3 b4 25. Qc4 Nb8 26. Rf2 Nc6 27. Bf1 Nd4 28. Kg2 Rc8 29. Bd2 Qxa2 30. Bxb4 Qxb3 31. Qxb3 Nxb3 32. Rc3 Nd4 33. c6 bxc6 34. Bxf8 Bxf8 35. Rb2 Rc7 36. Ba6 Ra7 37. Rb6 Bd6 38. Kf2 Bc7 39. Rb7 Rxa6 40. Rxc7 Ra2+ 41. Ke3 Re2+ 42. Kd3 Rxh2 43. f4 Nb5 44. Rc8+ Kg7 45. Rc5 Rg2 46. Rxe5 Rxg3+ 47. Ke2 Nd4+ 48. Ke1 Re3+ 49. Kd1 Rh3 50. Kc1 f6 0-1

[Event "Olympiad-42"]
[Site "Baku"]
[Date "2016.09.03"]
[Round "2.4"]
[White "Kabilov, Amin"]
[Black "Krnan, Tomas"]
[Result "0-1"]
[WhiteElo "2150"]
[BlackElo "2430"]
[PlyCount "73"]
[EventDate "2016.09.02"]
[EventType "team-swiss"]
[EventRounds "11"]
[EventCountry "AZE"]
[SourceTitle "CBM 175"]
[Source "ChessBase"]
[SourceDate "2016.11.10"]
[SourceVersion "1"]
[SourceVersionDate "2016.11.10"]
[SourceQuality "1"]
[WhiteTeam "Tajikistan"]
[BlackTeam "Canada"]
[WhiteTeamCountry "TJK"]
[BlackTeamCountry "CAN"]

1. Nf3 Nf6 2. d4 g6 3. c4 Bg7 4. g3 0-0 5. Bg2 d6 6. Nc3 Nc6 7. 0-0 Bf5 8. d5 Na5 9. Nd2 c5 10. e4 Bg4 11. Qc2 a6 12. h3 Bd7 13. b3 b5 14. Bb2 Rb8 15. Rab1 e5 16. Ne2 Nh5 17. f4 f6 18. Bc3 b4 19. Bb2 Bh6 20. Rbe1 Qe7 21. Bc1 Rbe8 22. Nf3 Qg7 23. fxe5 Bxc1 24. Qxc1 fxe5 25. Nh4 Nb7 26. Qg5 a5 27. g4 Nf4 28. Nxf4 exf4 29. Nf3 Nd8 30. Re2 h6 31. Qh4 Nf7 32. g5 Nxg5 33. Nxg5 hxg5 34. Qxg5 Re5 35. Qh4 Rh5 36. Qe1 Bxh3 37. Qd2 0-1